| 000 | 00688cam6a220021700 4500 | ||
|---|---|---|---|
| 001 | qce02085229 | ||
| 005 | 20190809120925.0 | ||
| 008 | 840307s1984 ja a b 001 0 eng d | ||
| 020 | _a4762273880 | ||
| 020 | _a3540130462 | ||
| 020 | _a0387130462 | ||
| 035 | _a(Sirsi) r52777 | ||
| 050 | _aQL 751 ANI 1984 | ||
| 245 | 0 | 0 |
_aAnimal behavior: _bneurophysiological and ethological approaches / _cedited by Kiyoshi Aoki, Susumu Ishii, and Hiromichi Morita. |
| 260 |
_aTokyo: _bJapan Scientific Societies Press, _c1984 |
||
| 504 | _aIncludes bibliographical references and indexes. | ||
| 650 | 0 | _aAnimal behavior | |
| 700 | 1 | _aAoki, K. | |
| 700 | 1 | _aIshii, S. | |
| 700 | 1 | _aMorita, H. | |
| 999 |
_c3259 _d3259 |
||